000 00257nam a22000977a 4500
100 _aDoyle,Arthur Conan
_979771
245 _aThe Adventures of Sherlock Holmes
260 _aNew Delhi
_bMahavir jain & Sons
_c2018
650 _aChildren Book
_979903
942 _cBK
999 _c63446
_d63446